Statistics for General Football (Soccer) Quiz

Click here to take the quiz!

General Stats

  • This quiz has been taken 11,880 times
  • The average score is 7 of 10

Answer Stats

Hint Answer % Correct
Current champions of Seria AJuventus
96%
Arsenal nicknameGunners
91%
Goalscorer that won Man City the league 2011/2012Aguero
88%
Player with the most amount of goals scored in world footballPele
80%
Club that recently went onto the stock marketManchester United
78%
Player who moved for 50m in the Premeir LeagueTorres
67%
Nickname of NewcastleMagpies
63%
Plays at Selhurst parkCrystal Palace
59%
Most paid player in the worldEto'o
45%
Who holds the record attendance in the English leagueMachester City
20%

Score Distribution

Percentile by Number Answered

Percent of People with Each Score

Your Score History

You have not taken this quiz